000 00424nam a2200157Ia 4500
008 240729s9999 xx 000 0 und d
022 _a2375-2467
245 0 _aRNA & DISEASE
260 _aUnited States
260 _bSmart Science & Technology LLC
650 _a Biology (General)
650 _aMedicine | Science
856 _uhttps://doaj.org/toc/8ff91d4658a948e6b2ffc2581b2b00d0
942 _2ddc
942 _cDOAJEJ
999 _c68054
_d68054
945 _a1
_bMadushi Gamage
_c1
_dMadushi Gamage